La conquista del pan
| מחבר ראשי: | |
|---|---|
| פורמט: | ערכה |
| שפה: | Spanish |
| מהדורה: | Segunda edición |
| סדרה: | Libros Río Nuevo
|
| נושאים: |
MARC
| LEADER | 00000nac a22000007a 4500 | ||
|---|---|---|---|
| 003 | Ucuenca | ||
| 005 | 20231021065903.0 | ||
| 008 | 190213b1976 sp ||||| |||| 00| 0 spa d | ||
| 020 | |a 84-7175-084-1 | ||
| 040 | |b spa | ||
| 041 | 0 | |a es | |
| 082 | 0 | |a 335.43 | |
| 100 | 1 | |9 233044 |a Kropotkin, Piotr | |
| 245 | 3 | |a La conquista del pan |c Piotr Kropotkin |h imp | |
| 250 | |a Segunda edición | ||
| 264 | |a Barcelona |b Ediciones 29 |c 1976 | ||
| 300 | |a 199 páginas: |c 19 cm | ||
| 490 | |a Libros Río Nuevo |n no. 2 | ||
| 650 | 0 | |a Socialismo |9 3101 | |
| 942 | |2 ddc |c CR |z bladimir.cabrerar@ucuenca.edu.ec | ||
| 999 | |c 157022 |d 157022 | ||